Statystyki dla Państwa Europy, które mają ambasadę w Koreii Północnej

Kliknij tutaj aby rozwiązać quiz!

Ogólne statystyki

  • Ten quiz został rozwiązany 28 razy
  • Średni wynik to 9 z 12

Statystyki odpowiedzi

#Państwo% Poprawnych
6Polska
96%
7Rosja
96%
5Niemcy
87%
1Austria
74%
10Szwecja
74%
4Czechy
70%
12Włochy
70%
2Białoruś
65%
11Wielka brytania
65%
3Bułgaria
61%
8Rumunia
52%
9Szwajcaria
48%

Rozkład punktacji

Percentyl według liczby udzielonych odpowiedzi

Procent ludzi z każdym wynikiem

Twoja historia wyników

Nie rozwiązałeś tego quizu